Эстонские поселения Джурчи и Кият-Орка. [Т. 3]: Поселение Новоэстония (Запись № 13338520)

Подробности
000 -МАРКЕР
контрольное поле 01606nam2a2200301 4500
001 - ИДЕНТИФИКАТОР ЗАПИСИ
контрольное поле RU\NLR\BIBL_A\022421126
005 - ИДЕНТИФИКАТОР ВЕРСИИ
контрольное поле 20250131151344.0
010 ## - МЕЖДУНАРОДНЫЙ СТАНДАРТНЫЙ НОМЕР КНИГИ (ISBN)
Номер (ISBN) 978-5-6052193-4-7
Уточнения т. 3
Тираж 300
021 ## - НОМЕР ГОСУДАРСТВЕННОЙ РЕГИСТРАЦИИ
Код страны Российская Федерация
Номер КН-П-24-071886
Номер Листа государственной регистраци КН-П-24-7173
035 ## - ДРУГИЕ СИСТЕМНЫЕ НОМЕРА
Идентификатор записи (NLR Aleph) 022421126
100 ## - ДАННЫЕ ОБЩЕЙ ОБРАБОТКИ
Данные общей обработки 20241225d2024 u y0rusy50 ca
101 0# - ЯЗЫК РЕСУРСА
Язык текста, звукозаписи и т.д. русский
102 ## - СТРАНА ПУБЛИКАЦИИ ИЛИ ПРОИЗВОДСТВА
Страна публикации Российская Федерация
105 ## - ПОЛЕ КОДИРОВАННЫХ ДАННЫХ: ТЕКСТОВЫЕ МАТЕРИАЛЫ, МОНОГРАФИЧЕСКИЕ
Кодированные данные о монографическом текстовом документе achbz 000yd
200 1# - ЗАГЛАВИЕ И СВЕДЕНИЯ ОБ ОТВЕТСТВЕННОСТИ
Основное заглавие Поселение Новоэстония
Первые сведения об ответственности Мери Никольская (Пурман), Ирина Петручек (Сальман)
210 ## - ПУБЛИКАЦИЯ, РАСПРОСТРАНЕНИЕ И ДР.
Дата издания, распространения и т.д. 2024
215 ## - ФИЗИЧЕСКАЯ ХАРАКТЕРИСТИКА
Специфическое обозначение материала и объем 174, [1] с., [40] л. ил., цв. ил., портр., факс., карт.
Другие сведения о физической характеристике ил., цв. ил., портр., факс.
320 ## - ПРИМЕЧАНИЯ О НАЛИЧИИ В ДОКУМЕНТЕ БИБЛИОГРАФИИ / УКАЗАТЕЛЯ
Текст примечания Библиогр. в конце материалов
333 ## - ПРИМЕЧАНИЯ ОБ ОСОБЕННОСТЯХ РАСПРОСТРАНЕНИЯ И ИСПОЛЬЗОВАНИЯ
Текст примечания 16+
461 #0 - УРОВЕНЬ НАБОРА
Встроенное поле 001RU\NLR\BIBL_A\012184822
-- 2001#$aСборник материалов по истории$v[Т. 3]
Системный номер (АБИС) связанной записи 12288913
Автор Сальман, Л. Я.
Место публикации Симферополь
Дата публикации 2019
Первые сведения об ответственности Леонгард Сальман
Имя издателя, распространителя и т.д. Медиацентр им. И. Гаспринского
Сведения, относящиеся к заглавию сборник материалов по истории
Заглавие Эстонские поселения Джурчи и Кият-Орка
ISBN 9785604297391
Номер тома [Т. 3]
701 #1 - ИМЯ ЛИЦА - АЛЬТЕРНАТИВНАЯ ОТВЕТСТВЕННОСТЬ
Графика поля Кириллица
Материалы, к которым относится поле rus
Начальный элемент ввода Никольская
Часть имени, кроме начального элемента ввода М. Р.
Даты 1937-
Расширение инициалов личного имени Мери Рудольфовна
Системный номер авторитетной/нормативной записи 2647963
Идентификатор авторитетной/нормативной записи RU\NLR\AUTH\770275996
701 #1 - ИМЯ ЛИЦА - АЛЬТЕРНАТИВНАЯ ОТВЕТСТВЕННОСТЬ
Графика поля Кириллица
Материалы, к которым относится поле rus
Начальный элемент ввода Петручек
Часть имени, кроме начального элемента ввода И. Л.
Расширение инициалов личного имени Ирина Леонгардовна
Системный номер авторитетной/нормативной записи 2647966
Идентификатор авторитетной/нормативной записи RU\NLR\AUTH\770275999
942 ## - ДОПОЛНИТЕЛЬНЫЕ ЭЛЕМЕНТЫ ЗАПИСИ (АБИС)
Тип экземпляра АБИС Книга
980 ## - КОЛЛЕКЦИЯ
Название коллекции Национальная библиография
Экземпляры
Тип экземпляра Дата поступления Источник поступления Библиотека постоянного хранения Библиотека текущего хранения Место хранения Шифр хранения Штрих-код Статус экземпляра
Книга 25.12.2024 Обязательный экземпляр РНБ (Московский) РНБ (Московский) Русский книжный фонд: издания с 1957 года 2020-7/395 1-4747007  
Книга 25.12.2024 Обязательный экземпляр РНБ (Московский) РНБ (Московский) Русский книжный фонд: издания с 1957 года 2020-7/395 1-4747003